Chanteuses de A-Z - Statistiques

Statistiques générales
  • Ce quiz a été pris 771 fois
  • Le résultat moyen est 15 sur 26
Statistiques - réponses
Lettre Chansons Réponse % Correct
C Pour que tu m'aime encore - My heart will go on - Parler à mon père Céline Dion
94%
R Diamonds - Umbrella - We found love Rihanna
93%
S Chandelier - Cheap thrills - Snowman Sia
90%
L Bad romance - Judas - Poker face Lady Gaga
89%
B Toxic - Womanizer - Work bitch Britney Spears
87%
K Roar - Dark horse - Wide awake Katy Perry
83%
T Shake it off - Look what you made me do - Ready for it Taylor Swift
83%
V Game over - Ma soeur - Je te le donne Vitaa
78%
M Wrecking ball - Flowers - Nothing breaks like a heart Miley Cyrus
77%
D Don't start now - Dance the night - New rules Dua Lipa
73%
A Problem - Break free - Side to side Ariana Grande
70%
O Vampire - Drivers license - Good 4 u Olivia Rodrigo
68%
J Let's get loud - On the floor - Ain't your mama Jennifer Lopez
63%
N Starships - Anaconda - Super bass Nicky Minaj
63%
W I have nothing - I will always love you - I wanna dance with somebody Whitney Houston
62%
E Lights - Burn - Love me like you do Ellie Goulding
56%
Z Lush life - Never forget you - Ain't my fault Zara Larsson
51%
G I will survive - Can't take my eyes off you - Never can say goodbye Gloria Gaynor
48%
Y Corps - Rien a prouver - Indélébile Yseult
42%
I Fancy - Black widow - Problem Iggy Azalea
36%
P Just give me a reason - So what - Just like fire P!nk
36%
X Boom clap - Speed drive - Break the rules XCX
28%
H Could have been me - Walls could talk - You should be sad Halsey
13%
F Sax - Lucky - Favourite thing Fleur East
6%
Q Sugar daddy - Busta rhymes - Wifey Qveen Herby
3%
U First love - One last kiss - Flavor of life Utada Hikaru
2%
Aucun quiz correspondant
Distribution des résultats
% des personnes avec chaque résultat
Percentile par nombre de réponses
Votre historique - résultats
Vous n’avez pas pris ce quiz